000 01951cam a22004454i 4500
003 PE-LiUPU
005 20250731165414.0
008 151125s2007 pe grm 000 0 spa d
035 _a(Sirsi) a155253
040 _aPE-LiUPU
_bspa
_cPE-LiUPU
_erda
099 _aSP 3
_bC13 2007
100 1 _aCabanillas Chávez, María Teresa
_eautor
245 1 _aImpacto del programa 'Higiene es Salud' en el estilo de vida de los alumnos del primer año de Enfermería de la Universidad Peruana Unión-Filial Juliaca, Perú /
_cMaría Teresa Cabanillas Chávez.
264 0 _c2007.
300 _a225 hojas
_c30 cm
336 _atext
_2rdacontent
337 _aunmediated
_2rdamedia
338 _avolume
_2rdacarrier
502 _aTesis
_b(Mg.) --
_cUniversidad Peruana Unión,
_d2007.
504 _aIncluye referencias
520 3 _aLa higiene es el arte científico de conservar la salud que ayuda a las personas a prevenir enfermedades brindando seguridad e independencia, sin embargo, por diferentes causas muchas de ellas presentan un estilo de vida inadecuado en relación a la higiene, estando en riesgo de contraer algunas enfermedades. Los alumnos del 1° año de enfermería de la Universidad Peruana Unión, Filial Juliaca forman parte de esta realidad, pues se detecto que muchos de ellos presentaban un estilo de vida inadecuado en relación a las prácticas saludables de higiene.
526 _aSEG44
526 _aSEG26
526 _aP151
526 _aP150
526 _aP149
526 _aP146
526 _aP145
526 _aP126
526 _aP125
526 _aP92
526 _aP75
526 _aP74
526 _aP27
526 _aP15
650 0 4 _aEducación Sanitaria
_xEstudiantes universitarios.
596 _a1
942 _2ddc
_cTESIS
999 _aSP 3 C13 2007
_wALPHANUM
_c7936
_iT00992
_lCCODEBUL3
_mBUL
_r1
_sY
_tTESIS
_u2015-11-25
_xPOSGRADO
_PP82
_o.STAFF. Tesis
_d7936
980 _81
_gALBERTO SANCHEZ Responsable de Automatización